英語での言語名 - Statistics

General Stats
  • This quiz has been taken 229 times
  • The average score is 11 of 16
Answer Stats
言語名 Answer % Correct
英語 English
100%
フランス語 French
93%
中国語 Chinese
91%
スペイン語 Spanish
90%
ドイツ語 German
87%
ロシア語 Russian
82%
イタリア語 Italian
79%
タイ語 Thai
69%
トルコ語 Turkish
62%
アラビア語 Arabic
54%
オランダ語 Dutch
48%
ペルシア語 Persian
46%
フィンランド語 Finnish
45%
ギリシャ語 Greek
42%
ポルトガル語 Portuguese
36%
デンマーク語 Danish
29%
No matching quizzes found
Score Distribution
Percent of People with Each Score
Percentile by Number Answered
Your Score History
You have not taken this quiz